| 000 | 00660cam a2200217 a 4500 | ||
|---|---|---|---|
| 001 | 000008810 | ||
| 005 | 20200929161418.0 | ||
| 008 | 760428s1975 cu 000 1 spa | ||
| 040 |
_aDO-SdBNP _bspa _cLC _dBNPHU |
||
| 082 |
_aU863.44 _bG152c |
||
| 100 | 1 |
_aGaleano, Eduardo H., _d1940- _923356 |
|
| 245 | 1 | 3 |
_aLa canción de nosotros / _cEduardo Galeano. |
| 260 |
_aLa Habana : _bCasa de las Américas, _c1975. |
||
| 300 |
_a232 p. ; _c20 cm. |
||
| 586 | _aPremio Casa de las Américas 1975 novela. | ||
| 650 | 4 |
_aNovela uruguaya _95679 |
|
| 650 | 4 |
_aLiteratura uruguaya _ySIGLO XX _916336 |
|
| 910 | _aCatalogación derivada | ||
| 910 | _aWM | ||
| 049 | _aBNGR | ||
| 999 |
_c8579 _d8579 |
||